The sun / Nick Hunter.
Presents facts about the sun, and describes what it would be like to visit there.
Record details
- ISBN: 9781410945747 (hardbacj)
- ISBN: 141094574X (hardback)
- ISBN: 9781410945839 (pbk.)
- ISBN: 1410945839 (pbk.)
- Physical Description: 48 pages : col. ill. ; 27 cm.
- Edition: 1st ed.
- Publisher: Chicago, Ill. : Raintree, 2013.
Content descriptions
| Bibliography, etc. Note: | Includes bibliographical references (p. 46) and index. |
| Formatted Contents Note: | Fasten your seat belt! -- Journey to the sun -- Interview with an astronaut -- Discovering the sun -- Seeing the sights -- When to go -- Who's going with you? -- Earthbound explorers -- Interview with an astronomer -- Living on the sun? |
Search for related items by subject
| Subject: | Sun > Juvenile literature. |
Search for related items by series
Available copies
- 1 of 1 copy available at scottsboropl.
Holds
- 0 current holds with 1 total copy.
Show Only Available Copies
| Location | Call Number / Copy Notes | Barcode | Shelving Location | Status | Due Date |
|---|---|---|---|---|---|
| scottsboropl | J 523.7 Hun | 32269000942089 | Juvenile - NonFiction | Available | - |
| LDR | 01347cam a22003254a 4500 | ||
|---|---|---|---|
| 001 | 137098 | ||
| 003 | CONS | ||
| 005 | 20171120095140.0 | ||
| 008 | 111003s2013 ilua j b 001 0 eng | ||
| 010 | . | ‡a 2011039070 | |
| 020 | . | ‡a9781410945747 (hardbacj) | |
| 020 | . | ‡a141094574X (hardback) | |
| 020 | . | ‡a9781410945839 (pbk.) | |
| 020 | . | ‡a1410945839 (pbk.) | |
| 035 | . | ‡a(CPomAG)LMN566276 | |
| 050 | 0 | 0. | ‡aQB521.5 ‡b.H86 2013 |
| 082 | 0 | 0. | ‡a523.7 ‡223 |
| 100 | 1 | . | ‡aHunter, Nick. |
| 245 | 1 | 4. | ‡aThe sun / ‡cNick Hunter. |
| 250 | . | ‡a1st ed. | |
| 260 | . | ‡aChicago, Ill. : ‡bRaintree, ‡c2013. | |
| 300 | . | ‡a48 pages : ‡bcol. ill. ; ‡c27 cm. | |
| 490 | 1 | . | ‡aAstronaut travel guides |
| 504 | . | ‡aIncludes bibliographical references (p. 46) and index. | |
| 505 | 0 | . | ‡aFasten your seat belt! -- Journey to the sun -- Interview with an astronaut -- Discovering the sun -- Seeing the sights -- When to go -- Who's going with you? -- Earthbound explorers -- Interview with an astronomer -- Living on the sun? |
| 520 | . | ‡aPresents facts about the sun, and describes what it would be like to visit there. | |
| 651 | 0. | ‡aSun ‡vJuvenile literature. | |
| 830 | 0. | ‡aAstronaut travel guides. | |
| 959 | . | ‡i32269000942089 ‡lJ523.7 Hun ‡aJuvenile - NonFiction ‡tJuv Nonfiction ‡g24.00 | |
| 852 | . | ‡p32269000942089 ‡jJ523.7 Hun ‡gJuvenile - NonFiction ‡cJuv Nonfiction ‡y24.00 ‡bSBPL | |
| 901 | . | ‡a137098 ‡bUnknown ‡c137098 ‡tbiblio | |